000 00615nam a22002177a 4500
999 _c259923
_d259922
003 OSt
005 20240229135934.0
008 230412b xxu||||| |||| 00| 0 eng d
010 _a93014300
020 _a006440501X (pbk)
020 _a006023489X (lib. bdg.)
020 _a 0060234881 :
040 _cN/A
050 _aPZ7
_b.L58474 1994
100 _aC.S. Lewis
245 _aThe Horse and his boy /
_c C.S. Lewis ; illustrated by Pauline Baynes.
250 _a1st HarperCollins ed.
260 _aNew York :
_b HarperCollins,
_c1994.
300 _a224 p. :
_b ill. map ;
_c 24 cm.
942 _2lcc
_cBK